000 00757nam a2200289Ia 4500
005 20260324130023.0
008 008 260324s9999 xx 000 0 eng d
020 _a9781315711041
037 _aEBOOK
040 _aCRL
040 _beng
040 _cCRL
041 _2eng
041 _aeng
084 _qCRL
100 _aLuke Gartner-Brereton
_91180220
245 4 _aThe Ontology of Space in Biblical Hebrew Narrative
245 4 _bThe Determinate Function of Narrative Space within the Biblical Hebrew Aesthetic
260 _bTaylor and Francis
260 _c2008
365 _a
365 _b280
856 _uhttp://www.taylorfrancis.com/books/9781315711041
942 _cEBOOK
999 _c1775970
_d1775970